000 00967nam a22002297a 4500
999 _c18019
_d18019
005 20251125232902.0
008 s2541 th tha d
040 _aNALT
041 _atha
100 0 _aธานินทร์ กรัยวิเชียร
245 1 0 _aจริยธรรมของนักกฎหมาย / ธานินทร์ กรัยวิเชียร [2541]
260 3 _aกรุงเทพฯ :
_bโรงพิมพ์ชวนพิมพ์,
_c2541
300 _a36 หน้า ;
_b 29 ซม.
650 0 4 _aนักกฎหมาย
650 0 4 _aนักกฎหมาย -- จรรยาบรรณ
650 0 4 _aนักกฎหมาย -- จริยธรรม
850 _aNALT
856 4 0 _uhttps://hdl.handle.net/20.500.14156/301184
_71
942 _cLB
_2lcc
998 _j25
_k นีลวัสน์ อินทรักษา
090 _aKU103 ธ515จ 2541